000 005940000a22001810004500
003 MACL
005 20160128111828.0
008 160128b xxu||||| |||| 00| 0 eng d
040 _aMACL
_cMACL
041 _aHindi
082 _a340.2945/JHA
100 _aनौशीरवान एच झाबवाला
_933627
245 _aहिन्‍दू विधि के सिद्द्धान्‍त
260 _bसी. जमनादास ऐण्‍ड कम्‍पनी
_aबम्‍बई
350 _a54
650 _aLaw
_934704
942 _cHIN
_k340.294/JHA
_2ddc
999 _c30935
_d30935